Určenie polohy mobilných robotov vo formácii

Na minha lista:
Detalhes bibliográficos
Autor principal: Ližičiar, Marek (Author)
Outros Autores: Hubinský, Peter (Thesis advisor)
Formato: Manuscrito Livro
Idioma:eslovaco
Publicado em: 2015
Assuntos:
Acesso em linha:http://is.stuba.sk/zp/portal_zp.pl?podrobnosti=107696
Tags: Adicionar Tag
Sem tags, seja o primeiro a adicionar uma tag!

MARC

LEADER 00000ntm a22000003a 4500
001 stuzp52490
003 SK-STU
005 20160719154203.7
007 ta
008 150427s2015----xo-----f-mn---000-0-slo-d
040 |a STU  |b slo 
041 0 |a slo 
100 1 |a Ližičiar, Marek  |u 031000  |4 aut  |U FEI Fakulta elektrotechniky a informatiky  |T FEI Ústav robotiky a kybernetiky  |X 6176  |U E011  |Y 356  |7 A000006176 
242 0 1 |a Determining the location of mobile robots in formation  |y eng 
245 1 0 |a Určenie polohy mobilných robotov vo formácii 
260 |c 2015 
300 |a 62 s., príl.  |b CD-ROM 
650 4 |a algoritmus  |2 slo 
650 4 |a mobilný robot  |2 slo 
650 4 |a formácia  |2 slo 
650 4 |a ultrazvuk  |2 slo 
650 4 |a GPS  |2 slo 
650 4 |a simulácia  |2 slo 
650 4 |a formations  |2 eng 
650 4 |a algorithm  |2 eng 
650 4 |a mobile robots  |2 eng 
650 4 |a ultrasound  |2 eng 
650 4 |a GPS  |2 eng 
650 4 |a simulation  |2 eng 
700 1 |a Hubinský, Peter  |4 ths  |X 4940  |7 A000004940 
856 4 |u http://is.stuba.sk/zp/portal_zp.pl?podrobnosti=107696 
996 |b 284EP11101  |c E*DIPL- 11101  |l EE31  |s P  |a 0  |w stuzp52490_0001 
SQL |a stuzp52490  |b DDP  |c SLO  |d Určenie polohy mobilných robotov vo formácii  |e 6176  |f Ližičiar, Marek  |g 031000  |h 4940  |i Hubinský, Peter  |j 20150616  |k 84  |l 03  |m http://is.stuba.sk/zp/portal_zp.pl?podrobnosti=107696  |n I-ROB  |o 5.2.14. automatizácia